000 01100nam a2200337Ia 4500
001 dia_5924
003 CHAP
005 20251023171107.0
008 220117s1998 xx 000 0 und d
010 _a177055
020 _a0-937774-31-6
040 _cCHAP
082 _a664.07 V47 1998
245 _aVerificación de sistemas HACCP : taller avanzado sobre sistemas HACCP /
_c edición David E. Gombas y Kenneth E. Stevenson
260 _aEstados Unidos de América :
_b Food Processors Institute,
_c1998
300 _a168 p.
503 _aD.
590 _aTX531 V47 1998
650 _aAlimentos
_xARPCC
_9160063
650 _aBuenas prácticas de fabricación
_9148349
650 _aFood safety
_9148470
650 _aFoods
_xHACCP
_9160064
650 _aGood manufacturing practices
_9148471
650 _aInocuidad alimentaria
_958836
700 _aGombas, David E., ed.
_9160065
700 _aStevenson, Kenneth E., ed.
901 _a664.07 V47 1998
902 _aM
905 _a5232271998 -usn 8222123322spa16
942 _cLIBRO
_2ddc
999 _c177055
_d177055